000
00318nam a22001337a 4500
008
250515b |||||||| |||| 00| 0 eng d
020
_a
0070320829
050
_a
HD7287.65
_b
.I79
100
_a
IRWIN, Robert
245
_a
Tmeshare Properties
260
_a
London
_b
McGraw-Hill
_c
1983
300
_a
xi, 203p.
942
_c
BK
999
_c
3509
_d
3509